| 000 | 00894nam a22002657a 4500 | ||
|---|---|---|---|
| 001 | 6702 | ||
| 003 | FISKH | ||
| 005 | 20250521115930.0 | ||
| 008 | 250521b cb ||||| |||| 00| 0 eng d | ||
| 020 | _a9780439844581 | ||
| 040 |
_aFISKH _beng _cFISKH _dFISKH |
||
| 050 | _aPZ7 | ||
| 082 | _a813.6 | ||
| 100 | _aRyan, Josh | ||
| 245 |
_aInto the swamp! : _bDiary of a wilderness adventure / _cby Josh Ryan |
||
| 260 |
_aNew York : _bScholastic, _c2006. |
||
| 300 |
_a24 pages : _bcolor illustrations ; _c19 cm |
||
| 505 | _aR | ||
| 520 | _aIf you like adventures in the wild, catching fish for lunch, and listening to spooky stories around a campfire, then this is a tale for you. Read what happens when a bunch of city kids go into swamp. | ||
| 521 | 8 |
_a700
_bLexile |
|
| 521 | 8 |
_aR
_bRaz-Plus |
|
| 650 |
_aAdventures _vKids _xWild |
||
| 942 |
_2ddc _cBK _n0 |
||
| 999 |
_c6702 _d6702 |
||